| 000 | 01675cam a2200385M 4500 | ||
|---|---|---|---|
| 001 | 86224 | ||
| 005 | 20230410103618.0 | ||
| 008 | 091103s19931893nyuab b 001 0 eng d | ||
| 035 | _a(OCoLC)ocn462361415 | ||
| 040 |
_aDKDLA _bdan _cDKDLA |
||
| 020 | _a0393034348 ((cl)) | ||
| 020 | _a9780393034349 ((cl)) | ||
| 020 | _a0393309649 ((pa)) | ||
| 020 | _a9780393309645 ((pa)) | ||
| 029 | 0 |
_aDKDLA _b19023942 |
|
| 029 | 1 |
_aDKDLA _b24136644 |
|
| 035 | _a(OCoLC)462361415 | ||
| 082 | 0 | 0 | _a98.635 |
| 050 | 1 | 4 |
_a130 F 1436.8 _bL162i 1993 |
| 100 | 1 | _aLaFeber, Walter. | |
| 245 | 1 | 0 |
_aInevitable revolutions : _bthe United States in Central America / _cWalter LaFeber. |
| 250 | _a2nd ed. revised and expanded | ||
| 260 |
_aNew York ; _aLondon: _bW.W. Norton & Company, _c1993 c1983 |
||
| 300 |
_axi, 452 p.: _bill., maps.; _c21cm. |
||
| 504 | _aIncludes bibliographycal references:(p. 413-419) and index | ||
| 505 | 0 | _aAn overview of the system: Guatemala-- Honduras-- El Salvador-- Nicaragua-- Costa Rica-- The revolutions of the 1970s and 1770s-- Neodependency: The U.S. System-- Setting up the system-- Maintaining the system-- Updating the system-- The collapse of the system-- The remains of the system-- Rearranging the remains of the system. | |
| 651 | 0 |
_aCentral America _xForeign relations _zUnited States |
|
| 651 | 0 |
_aUnited States _xForeign relations _zCentral America |
|
| 650 | 0 |
_aRevolutions _zCentral America |
|
| 651 | 4 |
_aAmérica Central _xRelaciones Internacionales _zEstados Unidos |
|
| 651 | 4 |
_aEstados Unidos x Relaciones Internacionales _zAmérica Central |
|
| 650 | 0 |
_aRevolución _zAmérica Central |
|
| 942 |
_2lcc _cbk |
||
| 994 |
_aC0 _bDRFGD |
||
| 999 |
_c22421 _d22421 |
||